书目信息 |
| 题名: |
材料成形技术基础
|
|
| 作者: | 迟剑峰 , 吴山力 编 | |
| 分册: | ||
| 出版信息: | 长春 吉林大学出版社 2001.09 |
|
| 页数: | 174页 | |
| 开本: | 26cm | |
| 丛书名: | ||
| 单 册: | ||
| 中图分类: | TB3 | |
| 科图分类: | ||
| 主题词: | 工程材料 | |
| 电子资源: | ||
| ISBN: | 7-5601-2567-0 | |
| 000 | 00605nam0 2200205 45 | |
| 001 | 0259996639 | |
| 005 | 2002112216395588 | |
| 010 | @a7-5601-2567-0@dRMB 14.50 | |
| 100 | @a20021122d2001 km y0chiy0120 ea | |
| 101 | 0 | @achi |
| 102 | @aCN@b220000 | |
| 200 | 1 | @a材料成形技术基础@Acai liao cheng xing ji shu ji chu@f迟剑峰,吴山力编@Fchi jian feng,wu shan li bian |
| 210 | @a长春@c吉林大学出版社@d2001.09 | |
| 215 | @a174页@d26cm | |
| 606 | 0 | @a工程材料 |
| 690 | @aTB3@v3 | |
| 701 | 0 | @a迟剑峰@Achi jian feng@4编 |
| 701 | 0 | @a吴山力@Awu shan li@4编 |
| 801 | 0 | @aCN@bPFT@c20021122 |
| 905 | @a10447@dTB3@eC810 | |
| 材料成形技术基础/迟剑峰,吴山力编.-长春:吉林大学出版社,2001.09 |
| 174页;26cm |
| ISBN 7-5601-2567-0:RMB 14.50 |
| ● |
| 相关链接 |
|
|
|
正题名:材料成形技术基础
索取号:TB3/C810
 
预约/预借
| 序号 | 登录号 | 条形码 | 馆藏地/架位号 | 状态 | 备注 |
| 1 | 361240 | 203612402 | 自科库501/501自科库 8排2列2层/ [索取号:TB3/C810] | 在馆 | |
| 2 | 361241 | 203612411 | 自科库501/501自科库 8排2列2层/ [索取号:TB3/C810] | 在馆 | |
| 3 | 361242 | 203612420 | 自科库501/501自科库 8排2列2层/ [索取号:TB3/C810] | 在馆 |